000 01015nam a2200241Ia 4500
001 891.73-GRO va tu (13828)
003 IT-MiSPE
008 171229s9999||||xx |||||||||||||| ||und||
040 _aIT-MiSPE
_cIT-MiSPE
041 _aITALIANO
100 _aVasilij Semënovic Grossman
240 _aVsë tecët...
245 0 _aTutto scorre...
250 _a2a ed.
260 _aMilano
_bAdelphi
_c2000
300 _a229 p.
_c22 cm
490 _aFabula
_v17
501 _aEdizioni San Paolo srl - Piazza Soncino, 5 - 20092 CINISELLO BALSAMO (MI) (non commercial uses only) ® Copyright 2018
700 _aGigliola Venturi
_g(traduzione)
942 _cBK
957 _71
999 _a198
_bNO
_g Copie: 1
_c355254
_d355254